Competitive Strategy / Techniques for Analyzing Industries and Competitors: with a New Introduction (Record no. 2132)
[ view plain ]
| 000 -LEADER | |
|---|---|
| fixed length control field | 01415cam a22001934a 4500 |
| 005 - ΗΜΕΡΟΜΗΝΙΑ ΚΑΙ ΩΡΑ ΤΕΛΕΥΤΑΙΑΣ ΕΝΗΜΕΡΩΣΗΣ | |
| Πεδίο ελέγχου | 20250605164031.0 |
| 008 - FIXED-LENGTH DATA ELEMENTS--GENERAL INFORMATION | |
| Πεδίο ελέγχου σταθερού μήκους | 250528s ||||||||||||||||||||||||d |
| 035 ## - SYSTEM CONTROL NUMBER | |
| System control number | 16657 |
| 020 ## - ISBN | |
| ISBN | 684841487 |
| 040 ## - ΠΗΓΗ ΚΑΤΑΛΟΓΟΓΡΑΦΗΣΗΣ | |
| Φορέας πρωτότυπης καταλογογράφησης | MC Athens Campus Library |
| Γλώσσα καταλογογράφησης | Ελληνικά, Μοντέρνα (1453-) |
| Modifying agency | MC Athens Campus Library |
| Κανόνες περιγραφικής καταλογογράφησης | AACR2 |
| 245 1# - ΤΙΤΛΟΣ ΚΑΙ ΔΗΛΩΣΗ ΥΠΕΥΘΥΝΟΤΗΤΑΣ | |
| Τίτλος | Competitive Strategy / Techniques for Analyzing Industries and Competitors: with a New Introduction |
| 260 ## - PUBLICATION, DISTRIBUTION, ETC. | |
| Name of publisher, distributor, etc. | The Free Press, |
| Date of publication, distribution, etc. | 1980 |
| 300 ## - PHYSICAL DESCRIPTION | |
| Extent | 404 |
| 520 ## - SUMMARY, ETC. | |
| Summary, etc. | Any manager who studies and uses the materials in this book should be able to devise more successful strategies. Introduction, Preface, Introduction, General Analytical Techniques, The Structural Analysis of Industries, Generic Competitive Strategies, A Framework for Competitor Analysis, Market Signals, Competitive Moves, Strategy Toward Buyers and Suppliers, Structural Analysis within Industries, Industry Evolution, Generic Industry Environments, Competitive Strategy in Fragmented Industries, Competitive Strategy in Emerging Industries, The Transition to Industry Maturity, Competitive Strategy in Declining Industries, Competition in Global Industries, Strategic Decisions, The Strategic Analysis of Vertical Integration, Capacity Expansion, Entry into New Businesses, Appendices, Portfolio Techniques in Competitor Analysis, How to Conduct an Industry Analysis, Bibliography, Index. |
| 700 1# - ΠΡΟΣΘΕΤΗ ΑΝΑΓΡΑΦΗ--ΦΥΣΙΚΟ ΠΡΟΣΩΠΟ | |
| Personal name | Porter Michael E |
| 9 (RLIN) | 2745 |
| 942 ## - ADDED ENTRY ELEMENTS (KOHA) | |
| Koha item type | Books |
| Τύπος τεκμηρίου | Βιβλιοθήκη | Τρέχουσα τοποθεσία | Barcode | Αριθμός εισαγωγής | Ημερομηνία απόκτησης | Ταξιθετικό σύμβολο | Αριθμός αντιτύπου | Κατάσταση απόσυρσης | Κατάσταση χαμένου | Κατάσταση κατεστραμμένου | Μη δανεισμός | Σύνολο δανεισμών | Ημερομηνία τελευταίας εμφάνισης | Η τιμή ισχύει από |
|---|---|---|---|---|---|---|---|---|---|---|---|---|---|---|
| Books | MC Athens Campus Library | MC Athens Campus Library | 9780000021311 | 4855 | 05/06/2025 | 658 POR | 2 | 05/06/2025 | 05/06/2025 |